Pretty, interesting, and crazy flags - Statistics

General Stats
  • This quiz has been taken 57 times
  • The average score is 5 of 16
Answer Stats
Picture Answer % Correct
Mexico
96%
Wales
87%
Bhutan
85%
Isle of Man
69%
Turkmenistan
65%
Tibet
50%
Maryland
39%
Qing Dynasty
31%
Benin Empire
4%
Couto Misto
4%
Cusco
4%
North Caucasian Emirate
4%
Second Spanish Republic
4%
Zheleznogorsk
4%
Chukotsky
2%
Mulhouse
2%
No matching quizzes found
Score Distribution
Percent of People with Each Score
Percentile by Number Answered
Your Score History
You have not taken this quiz